|
|
|
|
| LEADER |
00806cam a2200241 7i4500 |
| 001 |
0000034785 |
| 005 |
20171219090000.0 |
| 007 |
##ta |
| 008 |
171219 2017 |
| 022 |
0 |
# |
|a 0000000000
|
| 040 |
# |
# |
|a MATR
|
| 090 |
0 |
0 |
|a M 380.1025
|b MAL
|
| 245 |
0 |
0 |
|a MEEC MALAYSIA EXPORT EXHIBITION CENTRE :
|b 2017 DIRECTORY.
|
| 264 |
# |
1 |
|a Kuala Lumpur:
|b MATRADE,
|c 2017.
|
| 300 |
# |
# |
|a 102 pages:
|b illustrations;
|c 21 cm.
|
| 336 |
# |
# |
|a text
|2 rdacontent
|
| 337 |
# |
# |
|a unmediated
|2 rdamedia
|
| 338 |
# |
# |
|a volume
|2 rdacarrier
|
| 650 |
# |
0 |
|a Exhibition --
|z Malaysia
|
| 650 |
# |
0 |
|a MATRADE --
|x Exhibition --
|z Malaysia
|
| 650 |
# |
0 |
|a Malaysia Export Exhibition Centre (MEEC) --
|y 2017
|
| 999 |
|
|
|a 0000039199
|b Directories
|c Malaysia
|e Business Information Centre
|
| 999 |
|
|
|a 0000039198
|b Directories
|c Malaysia
|e Business Information Centre
|